|
|
|
|
| LEADER |
01379nam a2200325 a 4500 |
| 001 |
1141942 |
| 008 |
100523s1996 nyu b 000 1 eng d |
| 010 |
|
|
|a 95005395
|
| 020 |
|
|
|a 0393967522
|
| 040 |
|
|
|a DLC
|c DLC
|d DLC
|d BD-DhAAL
|
| 082 |
0 |
0 |
|a 891.73/3
|2 20
|
| 100 |
1 |
|
|a Turgenev, Ivan Sergeevich,
|d 1818-1883.
|
| 240 |
1 |
0 |
|a Ott͡s︡y i deti.
|l English
|
| 245 |
1 |
0 |
|a Fathers and sons /
|c Ivan Turgenev ; translated and edited by Michael R. Katz.
|
| 250 |
|
|
|a 1st ed.
|
| 260 |
|
|
|a New York :
|b W.W. Norton,
|c c1996.
|
| 300 |
|
|
|a viii, 343 p. ;
|c 22 cm.
|
| 490 |
0 |
|
|a Norton critical edition
|
| 504 |
|
|
|a Includes bibliographical references (p. 343).
|
| 541 |
1 |
|
|e 00020317
|
| 650 |
|
0 |
|a Fathers and sons
|x Fiction.
|
| 651 |
|
0 |
|a Russia
|x Social life and customs
|y 1533-1917
|x Fiction.
|
| 651 |
|
0 |
|a Russia
|x Social conditions
|y 1801-1917
|x Fiction.
|
| 655 |
|
7 |
|a Domestic fiction.
|2 lcsh
|
| 655 |
|
7 |
|a Historical fiction.
|2 gsafd
|
| 700 |
1 |
|
|a Katz, Michael R.
|
| 852 |
4 |
|
|a Ayesha Abed Library
|j General shelf
|
| 999 |
|
|
|c 8664
|d 8664
|
| 952 |
|
|
|0 0
|1 0
|2 ddc
|4 0
|6 891_733000000000000_TUR_1996
|7 0
|9 10421
|a BRACUL
|b BRACUL
|c GEN
|d 2010-05-24
|l 6
|m 25
|o 891.733 TUR
|p 3010020317
|r 2025-11-09
|s 2025-05-25
|t 1
|w 2010-05-24
|y BK
|
| 952 |
|
|
|0 0
|1 4
|2 ddc
|4 0
|6 891_733000000000000_TUR
|7 0
|9 10422
|a BRACUL
|b BRACUL
|c GEN
|d 2010-05-24
|l 0
|o 891.733 TUR
|p 3010020318
|r 2010-05-24
|t 2
|w 2010-05-24
|y BK
|x Koha Inventory 2020
|